Analýza zvarových spojov z ocele S 355J2+N : Bakalárska práca

Enregistré dans:
Détails bibliographiques
Auteur principal: Skrutek, Igor, 1983- (Auteur)
Autres auteurs: Hudáková, Mária, 1962- (xxx)
Format: Manuscrit Livre
Langue:slovaque
Publié: Trnava : STU v Bratislave MTF UMAT, 2008
Sujets:
Tags: Ajouter un tag
Pas de tags, Soyez le premier à ajouter un tag!

MARC

LEADER 00000ntm a22000003a 4500
001 stu175327
005 20160719154334.5
008 081103s2008----xo------------------slo-d
040 |a STU  |b slo 
041 0 |a slo 
044 |a xo 
100 1 |a Skrutek, Igor,  |d 1983-  |4 aut  |X 33976  |7 A000033976 
245 1 |a Analýza zvarových spojov z ocele S 355J2+N :  |b Bakalárska práca 
260 |a Trnava :  |b STU v Bratislave MTF UMAT,  |c 2008 
300 |a 54 s  |c 1 CD-ROM 
500 |a Odbor: materiálové inžinierstvo 
650 7 |a zváranie ocelí  |2 stusub 
700 1 |a Hudáková, Mária,  |d 1962-  |4 xxx  |u M1000  |U MTF Materiálovotechnologická fakulta  |T MTF Ústav materiálov  |X 2754  |U M1000  |Y 81  |7 A000002754 
996 |b 284M069251  |c M*BP-3515  |l MMSKP  |s P  |a 0  |w stu175327_0001